Welcome to CU Library Online Public Access Catalogue (OPAC)

Playing for keeps : (Record no. 5056)

MARC details
000 -LEADER
fixed length control field 01090cam a2200265 a 4500
001 - CONTROL NUMBER
control field 3981083
005 - DATE AND TIME OF LATEST TRANSACTION
control field 20250321165731.0
008 - FIXED-LENGTH DATA ELEMENTS--GENERAL INFORMATION
fixed length control field 951020s1996 nyu b 001 0 eng
020 ## - INTERNATIONAL STANDARD BOOK NUMBER
International Standard Book Number 047159847X (cloth : alk. paper)
050 00 - LIBRARY OF CONGRESS CALL NUMBER
Classification number HD31
Item number .H3452 1996
082 00 - DEWEY DECIMAL CLASSIFICATION NUMBER
Classification number 658.3/14
Edition information 20
100 1# - MAIN ENTRY--PERSONAL NAME
Personal name Harmon, Frederick G.
245 10 - TITLE STATEMENT
Title Playing for keeps :
Remainder of title how the world's most aggressive and admired companies use core values to manage, energize, and organize their people and promote, advance, and achieve their corporate missions /
Statement of responsibility, etc. Frederick G. Harmon.
260 ## - PUBLICATION, DISTRIBUTION, ETC.
Place of publication, distribution, etc. New York :
Name of publisher, distributor, etc. J. Wiley,
Date of publication, distribution, etc. c1996.
300 ## - PHYSICAL DESCRIPTION
Extent xv, 288 p. ;
Dimensions 25 cm.
650 #0 - SUBJECT ADDED ENTRY--TOPICAL TERM
Topical term or geographic name entry element Management.
650 #0 - SUBJECT ADDED ENTRY--TOPICAL TERM
Topical term or geographic name entry element Employee motivation.
650 #0 - SUBJECT ADDED ENTRY--TOPICAL TERM
Topical term or geographic name entry element Values.
650 #0 - SUBJECT ADDED ENTRY--TOPICAL TERM
Topical term or geographic name entry element Work ethic.
650 #0 - SUBJECT ADDED ENTRY--TOPICAL TERM
Topical term or geographic name entry element Value added.
856 42 - ELECTRONIC LOCATION AND ACCESS
Materials specified Contributor biographical information
Uniform Resource Identifier <a href="http://www.loc.gov/catdir/bios/wiley042/95045410.html">http://www.loc.gov/catdir/bios/wiley042/95045410.html</a>
856 42 - ELECTRONIC LOCATION AND ACCESS
Materials specified Publisher description
Uniform Resource Identifier <a href="http://www.loc.gov/catdir/description/wiley034/95045410.html">http://www.loc.gov/catdir/description/wiley034/95045410.html</a>
856 4# - ELECTRONIC LOCATION AND ACCESS
Materials specified Table of Contents
Uniform Resource Identifier <a href="http://www.loc.gov/catdir/toc/onix05/95045410.html">http://www.loc.gov/catdir/toc/onix05/95045410.html</a>
942 ## - ADDED ENTRY ELEMENTS (KOHA)
Source of classification or shelving scheme Library of Congress Classification
Koha item type Books
Suppress in OPAC No
999 ## -
-- 5056
-- 5056
Holdings
Withdrawn status Lost status Source of classification or shelving scheme Damaged status Not for loan Collection Home library Current library Shelving location Date acquired Total checkouts Full call number Barcode Date last seen Copy number Price effective from Koha item type
    Library of Congress Classification     Non-fiction Undergraduate Library (Christ Temple) Undergraduate Library (Christ Temple) General stacks 03/21/2025   HD31 HAN ulct00001858 03/21/2025 1 03/21/2025 Books
© 2023-2024 Copyright: Central University Libraries. All Rights Reserved | Created by: Mahone Tech Office